[Event "Elit(Kamraterna-Wasa)"]
[Site "?"]
[Date "2008.03.09"]
[Round "11"]
[White "Hamark, Jesper"]
[Black "Astrom, Goran"]
[Result "1-0"]
[WhiteElo "2380"]
[BlackElo "2266"]
[PlyCount "97"]

1. d4 Nf6 2. c4 e6 3. Nc3 Bb4 4. Qc2 O-O 5. a3 Bxc3+ 6. Qxc3 b6 7. Bg5 Ba6 8.
Qf3 Nc6 9. e3 Na5 10. Rc1 c5 11. d5 exd5 12. Bxf6 Qxf6 13. Qxf6 gxf6 14. cxd5
Bxf1 15. Kxf1 f5 16. Ne2 Nb7 17. h3 Nd6 18. g4 f6 19. Nf4 Kf7 20. Ke2 Rg8 21.
a4 fxg4 22. hxg4 Rxg4 23. Rxh7+ Rg7 24. Rh6 Nf5 25. Rh5 Nd6 26. b3 Rag8 27. Kd3
Rg1 28. Rxg1 Rxg1 29. Rh7+ Rg7 30. Rh6 Nf5 31. Rh8 Rg8 32. Rxg8 Kxg8 33. e4 Nd6
34. Ng2 Kf7 35. f4 Ke7 36. Ne3 Kd8 37. Nc4 Ne8 38. Ke3 d6 39. Kf3 Ke7 40. Kg4
Nc7 41. Kf5 Na6 42. Ne3 Nb4 43. Ng4 Nd3 44. Nh6 Nc1 45. Ng8+ Kf7 46. Nxf6 Nxb3
47. e5 dxe5 48. fxe5 c4 49. e6+ 1-0

[Event "Elit(Kamraterna-Wasa)"]
[Site "?"]
[Date "2008.03.09"]
[Round "11"]
[White "Hellborg, Teodor"]
[Black "Madebrink, Lars"]
[Result "1-0"]
[WhiteElo "2384"]
[BlackElo "2259"]
[PlyCount "107"]

1. d4 Nf6 2. c4 g6 3. Nc3 Bg7 4. e4 d6 5. Be2 O-O 6. Nf3 e5 7. Be3 Nbd7 8. O-O
exd4 9. Nxd4 Re8 10. f3 c6 11. Bf2 Ne5 12. Re1 Nh5 13. Qd2 Nf6 14. Rad1 Qc7 15.
h3 a6 16. a4 a5 17. Bf1 Bf8 18. Kh1 Ned7 19. Nb3 h6 20. Bg1 Kh7 21. Qf2 Nh5 22.
Rd2 b6 23. Bh2 Ba6 24. Rc1 Ne5 25. Nb5 Qb8 26. N5d4 Qc7 27. f4 Nd7 28. Qf3 Nc5
29. e5 Ng7 30. Rcd1 dxe5 31. fxe5 Nge6 32. Nxc5 Nxc5 33. e6 Qb7 34. exf7 Re7
35. Rf2 Rd8 36. b3 Rdd7 37. Rfd2 Rxf7 38. Qg4 Rde7 39. Re2 Rxe2 40. Bxe2 Qe7
41. Bf3 Qe3 42. Bg1 Qc3 43. Bxc6 Bg7 44. Bd5 Re7 45. Qh4 Re5 46. Qd8 h5 47.
Qxb6 Nd3 48. Nf3 Re2 49. Qxa6 Nf4 50. Nd4 Ra2 51. Qd6 Qg3 52. Bh2 Qf2 53. Qxf4
Bxd4 54. Qxd4 1-0

[Event "Elit(Kamraterna-Wasa)"]
[Site "?"]
[Date "2008.03.09"]
[Round "11"]
[White "Haggstrom, Olle"]
[Black "Collett, Peter"]
[Result "0-1"]
[WhiteElo "2239"]
[BlackElo "2262"]
[PlyCount "96"]

1. d4 Nf6 2. c4 e6 3. Nf3 c5 4. d5 d6 5. Nc3 exd5 6. cxd5 g6 7. e4 a6 8. a4 Bg4
9. Be2 Bxf3 10. Bxf3 Bg7 11. O-O Nbd7 12. Re1 O-O 13. Be3 Rb8 14. Be2 Re8 15.
f3 Nh5 16. g4 Bd4 17. Bxd4 cxd4 18. gxh5 dxc3 19. bxc3 Qh4 20. Kh1 Nf6 21. Rg1
Nxh5 22. Qd2 Qf6 23. Rg4 Rbc8 24. Ra3 Re5 25. Rb3 Rc7 26. c4 g5 27. Qb2 Nf4 28.
Bf1 Qe7 29. Rb6 f5 30. exf5 Rxf5 31. c5 Qe3 32. Rb3 Qxc5 33. Rxb7 Qxd5 34. Rb8+
Kf7 35. Qb3 Qxb3 36. Rxb3 Rc1 37. Rg1 Re5 38. h4 Ree1 39. Bc4+ d5 40. Bxd5+
Nxd5 41. Rxe1 Rxe1+ 42. Kh2 gxh4 43. Rd3 Re2+ 44. Kh1 Ne3 45. Rd7+ Kg6 46. Ra7
h3 47. Rxa6+ Kg5 48. Ra7 h5 0-1

[Event "Elit(Kamraterna-Wasa)"]
[Site "?"]
[Date "2008.03.09"]
[Round "11"]
[White "Berkell, Peder"]
[Black "Nyberg, Ulf"]
[Result "0-1"]
[WhiteElo "2217"]
[BlackElo "2163"]
[PlyCount "52"]

1. e4 e5 2. Bc4 Nf6 3. d3 c6 4. Nf3 Be7 5. Nc3 d6 6. h3 O-O 7. O-O b5 8. Bb3
Nbd7 9. Ne2 Nc5 10. c3 Nxb3 11. axb3 Qc7 12. Ng3 Be6 13. Re1 a5 14. Bg5 Ra6 15.
Nh4 g6 16. b4 Rfa8 17. bxa5 Rxa5 18. Rxa5 Rxa5 19. Kh2 Ng4+ 20. hxg4 Bxg5 21.
Nf3 Bxg4 22. b4 Ra3 23. c4 Qa7 24. cxb5 cxb5 25. Re2 Bxf3 26. gxf3 Qd4 0-1

[Event "Elit(Kamraterna-Wasa)"]
[Site "?"]
[Date "2008.03.09"]
[Round "11"]
[White "Martensson, Ulf"]
[Black "Nordstrom, Felix"]
[Result "1/2-1/2"]
[WhiteElo "2152"]
[BlackElo "2215"]
[PlyCount "44"]

1. d4 d5 2. Nf3 Nf6 3. c4 e6 4. Bg5 Be7 5. Nc3 O-O 6. e3 Nbd7 7. Rc1 c6 8. Bd3
dxc4 9. Bxc4 Nd5 10. Bxe7 Qxe7 11. O-O Nxc3 12. Rxc3 e5 13. dxe5 Nxe5 14. Nxe5
Qxe5 15. a3 Be6 16. Bxe6 Qxe6 17. Rd3 Rfe8 18. Rd6 Qe5 19. Qd4 Qxd4 20. Rxd4
Rad8 21. Rfd1 Rxd4 22. Rxd4 Kf8 1/2-1/2